| 000 | 00904nam a22003017a 4500 | ||
|---|---|---|---|
| 003 | CHAP | ||
| 005 | 20220817041000.0 | ||
| 008 | 971013s1983 r 00010 d | ||
| 010 | _a3928 | ||
| 011 | _a4900 | ||
| 035 | _a4104 | ||
| 040 | _cCHAP | ||
| 090 | _aFolleto 13052 | ||
| 110 | _aMéxico. Dirección General de Bibliotecas | ||
| 245 | _aPrograma Nacional de Bibliotecas Públicas | ||
| 260 |
_aMéxico, D. F. : _bLa Dirección, _c1983 |
||
| 300 | _a12 p | ||
| 500 | _aD52-4 | ||
| 590 |
_aBATCH-UPD _b10 _c20130110 _lUCH01 _h2302 |
||
| 590 |
_aBATCH-UPD _b10 _c20130410 _lUCH01 _h1554 |
||
| 590 |
_aBATCH-UPD _b10 _c20130914 _lUCH01 _h0624 |
||
| 590 |
_aCONVERSION _b10 _c20130109 _lUCH01 _h1303 |
||
| 650 | 1 | 4 |
_aBibliotecas públicas. _912557 |
| 901 | _aBK | ||
| 942 | _cFOLL | ||
| 949 |
_aFolleto 13052 _bBC _cB _d-13635 _eB _i4104 _mD _si |
||
| 949 |
_aFolleto 13052 _bBC _cB _d-143800 _eB _fc.2 _i4104 _si |
||
| 999 |
_c3928 _d3928 |
||